00338nam a2200133 a 4500008004100000050001500041100001900056245003300075260003300108300002300141350000900164650001100173650002000184120416s1965 ||||||||||||||||| || u aTA 407 Dal aDally, James W10aExperimental stress analysis aNew York:bMcGraw-Hillc1965 axvii, 520p. : ill. a0.00 aSTRESS aSTRESS ANALYSIS